000 00857nas a2200277 4500
001 BR9101167
003 BR-BrBNA
005 20231205091950.0
007 ta
008 230509b bl.|||p| |||| 00| 00por d
040 _aBR-BrBNA
_bpor
_cBiblioteca Nacional de Agricultura
041 _a(Pt)
072 _aF02
100 1 _aTubelis, A.
100 1 _aSalibe, A.A.
245 1 _aProducao de laranjeira hamlin sobre porta-enxerto de tangerineira sunki, e precipitacoes mensais no altiplano de Botucatu
650 _aLARANJA
650 _aTANGERINA
650 _aPORTA ENXERTO
650 _aPREVISAO DE SAFRA
650 _aRENDIMENTO
650 _aSAO PAULO
773 0 _tPesquisa Agropecuaria Brasileira (Brazil)
_xISSN 0100-204X
_g(Jul 1989), v. 24(7) p. 787-792
_wBR9101167
909 _a202311
_bLúcia
_c55
_dLúcia Elande
942 _2AGRIS
_n0
_cANA
999 _c128405
_d128405